Ιστορία της πληροφορικής
Αποθηκεύτηκε σε:
| Κύριος συγγραφέας: | |
|---|---|
| Άλλοι συγγραφείς: | , |
| Μορφή: | Βιβλίο |
| Γλώσσα: | Greek French |
| Δημοσίευση: |
Αθήνα :
Δίαυλος,
1991.
|
| Θέματα: | |
| Ετικέτες: |
Προσθήκη ετικέτας
Δεν υπάρχουν, Καταχωρήστε ετικέτα πρώτοι!
|
MARC
| LEADER | 00000cam a2200000 i 4500 | ||
|---|---|---|---|
| 001 | 1/66151 | ||
| 008 | 990115s1991 gr | ||| |||| ||gre|| | ||
| 020 | |a 9607140109 | ||
| 035 | |l 10047256 | ||
| 040 | |a GR-MyUA |b gre |e AACR2 | ||
| 041 | 1 | |a gre |h fre | |
| 082 | 0 | |a 004.092 | |
| 100 | 1 | |a Breton, Philippe, |d 1951- | |
| 245 | 1 | 0 | |a Ιστορία της πληροφορικής / |c Φιλίπ Μπρετόν ; μετάφραση Δημήτρης Γκούσκος, Γιώργος Πεφάνης. |
| 260 | |a Αθήνα : |b Δίαυλος, |c 1991. | ||
| 300 | |a 352 σ. ; |c 21 εκ. | ||
| 500 | |a Τίτλος πρωτοτύπου: Histoire de l'informatique. | ||
| 650 | 0 | 0 | |a Computers |x History. |
| 650 | 0 | 0 | |a Electronic data processing |x History. |
| 700 | 1 | |a Γκούσκος, Δημήτρης, |e trl | |
| 700 | 1 | |a Πεφάνης, Γιώργος, |e trl | |
| 852 | |a INST |b RHODES |e 19990115 |h 004.072 BRE |p 005400005800 |q 005400005800 |t BK |y 0 | ||
| 852 | |a INST |b SAMOS |e 20000223 |h 004.092 BRE |p 005300015887 |q 005300015887 |t BK |y 0 | ||
| 901 | |a BIBL3-2000-1 | ||
| 909 | |a Ρ |b 061202 | ||
| 909 | |a Σ |b 071832 | ||
| 922 | |a 4ΕΛΗ |b 199811 |c ΤΣΟΛΑΚΙΔΗΣ |d EMVASIS | ||
| 922 | |a 3ΕΛΗ |b 199912 |c ΒΙΒΛΙΟΘΗΚΗ |d ΠΑΠΑΣΩΤΗΡΙΟΥ | ||